Tārīkh-i Māzandarān, (Record no. 50454)

MARC details
000 -LEADER
fixed length control field 00728cam a22002411 4500
001 - CONTROL NUMBER
control field ne 68002132
003 - CONTROL NUMBER IDENTIFIER
control field DLC
005 - DATE AND TIME OF LATEST TRANSACTION
control field 20260227111842.0
008 - FIXED-LENGTH DATA ELEMENTS--GENERAL INFORMATION
fixed length control field 901210s19639999ir a b 000 0 perr
010 ## - LIBRARY OF CONGRESS CONTROL NUMBER
LC control number ne 68002132
035 ## - SYSTEM CONTROL NUMBER
System control number (OCoLC)22831444
040 ## - CATALOGING SOURCE
Original cataloging agency DLC
Transcribing agency CU
Modifying agency CU
-- DLC
042 ## - AUTHENTICATION CODE
Authentication code premarc
050 00 - LIBRARY OF CONGRESS CALL NUMBER
Classification number DS324.M3
Item number M3
100 1# - MAIN ENTRY--PERSONAL NAME
Personal name Mahjūrī, Ismāʻīl.
245 10 - TITLE STATEMENT
Title Tārīkh-i Māzandarān,
Statement of responsibility, etc. taʼlīf-i Ismaʻīl Mahjūrī.
250 ## - EDITION STATEMENT
Edition statement Chāp-i 1.
260 ## - PUBLICATION, DISTRIBUTION, ETC.
Place of publication, distribution, etc. Sārī,
Name of publisher, distributor, etc. Chāp-i As̲ar,
Date of publication, distribution, etc. 1342- [1963 or 4-
300 ## - PHYSICAL DESCRIPTION
Extent v.
Other physical details illus.
Dimensions 26 cm.
504 ## - BIBLIOGRAPHY, ETC. NOTE
Bibliography, etc. note Includes bibliography.
505 1# - FORMATTED CONTENTS NOTE
Formatted contents note Jild 1. Vaqāyiʻ-i pīsh az Islām tā sāl-i 750 Hijrī Qamarī.
651 #0 - SUBJECT ADDED ENTRY--GEOGRAPHIC NAME
Geographic name Māzandarān (Iran)
General subdivision History.

No items available.

Powered by Koha